000 00674nam a2200217 a 4500
999 _c33960
_d33960
003 UPN
005 20220725113453.0
008 991125s2000 enk 000 0 eng u
020 _a0415168813
035 _aUPN01000033960
040 _aUPN
_bspa
_cUPN
049 _aCG
050 4 _aN350
_aL4.2
245 1 0 _aLearning to teach art & design in the secondary school :
_ba companion to school experience /
_ced. by Nicholas Addison.
260 _aLondon :
_bRoutledge Falmer,
_c2000.
300 _a360 p.
440 0 _aLearning to teach subjects in the secondary school
650 4 _aArte
_xEstudio y enseƱanza (Secundaria)
_92645
905 _aLibro
942 _2lcc
_cLIBRO